000 00533nam a2200157Ia 4500
008 230907s9999||||xx |||||||||||||| ||und||
082 _a620.1
_bRAS
100 _aRashid Minhas (00000319874)
_9116729
245 0 _aSteam Methane Reforming over Bi-Metal Loaded Hemp Derived Activated Carbon-Based Catalyst for Hydrogen Production /
260 _aUSPCAS-E, NUST,
_bIslamabad :
_c2022
300 _axv, 79 p.
520 _aTH-397
650 _aMS-TEE Thesis MS Thesis
700 _a Dr Asif Hussain Khoja
_9117190
942 _cTHE
_2ddc
999 _c602075
_d602075